[Event "CHN-chT"]
[Site "China"]
[Date "2017.11.02"]
[Round "16.3"]
[White "Wang, Yiye"]
[Black "Yu, Ruiyuan"]
[Result "1/2-1/2"]
[WhiteElo "2439"]
[BlackElo "2502"]
[PlyCount "115"]
[EventDate "2017.04.18"]
[EventType "team-tourn"]
[EventRounds "22"]
[EventCountry "CHN"]
[SourceTitle "EXT 2019"]
[Source "ChessBase"]
[SourceDate "2018.10.10"]
[SourceVersion "1"]
[SourceVersionDate "2018.10.10"]
[SourceQuality "1"]
[WhiteTeam "Beijing"]
[BlackTeam "Jiangsu"]
[WhiteTeamCountry "CHN"]
[BlackTeamCountry "CHN"]

1. Nf3 d5 2. e3 c6 3. b3 Nf6 4. Bb2 g6 5. c4 Bg7 6. Nc3 0-0 7. Be2 b6 8. 0-0 Bb7 9. Qc2 c5 10. cxd5 Nxd5 11. Nxd5 Qxd5 12. Bxg7 Kxg7 13. Qc3+ Kg8 14. d4 Nd7 15. Rfd1 Rac8 16. Rac1 cxd4 17. Qxd4 Qxd4 18. Nxd4 Nc5 19. Nb5 a5 20. f3 Rfd8 21. Na3 Ne6 22. Rxc8 Bxc8 23. Rxd8+ Nxd8 24. Kf2 Be6 25. Bc4 Bd7 26. Bb5 Be6 27. e4 Nb7 28. Ke3 Kg7 29. Kd4 Kf6 30. Nc4 Bxc4 31. e5+ Kf5 32. Bxc4 e6 33. Bd3+ Kg5 34. g3 Nc5 35. Bb5 h5 36. Be8 f5 37. h4+ Kh6 38. Kc4 g5 39. f4 gxf4 40. gxf4 Na6 41. a3 Nc7 42. Bc6 Kg6 43. Bf3 Kg7 44. Bxh5 Nd5 45. Bf3 Nxf4 46. Kb5 Nd3 47. Kxb6 Nxe5 48. Be2 f4 49. Kxa5 f3 50. Bd1 f2 51. Be2 Nc6+ 52. Kb6 Nd4 53. Bf1 Nxb3 54. a4 Kh6 55. a5 Nxa5 56. Kxa5 Kh5 57. Kb4 Kxh4 58. Kc4 1/2-1/2

[Event "CHN Team"]
[Site "Beijing"]
[Date "2017.06.13"]
[Round "8.2"]
[White "Li, Di"]
[Black "Yu, Ruiyuan"]
[Result "1-0"]
[WhiteElo "2474"]
[BlackElo "2510"]
[PlyCount "69"]
[EventDate "2017.06.06"]
[EventType "team-swiss"]
[EventRounds "9"]
[EventCountry "CHN"]
[SourceTitle "CBM 178 Extra"]
[Source "ChessBase"]
[SourceDate "2017.06.22"]
[SourceVersion "1"]
[SourceVersionDate "2017.06.22"]
[SourceQuality "1"]
[WhiteTeam "Chengdu"]
[BlackTeam "Jiangsu"]
[WhiteTeamCountry "CHN"]
[BlackTeamCountry "CHN"]

1. c4 c6 2. Nf3 d5 3. e3 Nf6 4. Nc3 g6 5. d4 Bg7 6. Bd3 0-0 7. 0-0 Nbd7 8. b3 b6 9. cxd5 Nxd5 10. Nxd5 cxd5 11. Ba3 Bb7 12. Rc1 Re8 13. Qc2 Rc8 14. Qe2 Nb8 15. h4 e6 16. h5 Bf8 17. Bxf8 Rxf8 18. Rxc8 Qxc8 19. Qb2 Nc6 20. Rc1 Qd7 21. Bb5 Rc8 22. Ne5 Qd6 23. Bxc6 Bxc6 24. Qc3 Bd7 25. Qxc8+ Bxc8 26. Rxc8+ Kg7 27. h6+ Kf6 28. Rh8 Qb4 29. Rxh7 Kg5 30. Nxf7+ Kh5 31. g4+ Kxg4 32. Rg7 Kf3 33. Ne5+ Ke2 34. Rf7 Qe1+ 35. Kh2 1-0

[Event "CHN Team"]
[Site "Beijing"]
[Date "2017.06.11"]
[Round "6.1"]
[White "Wen, Yang"]
[Black "Yu, Ruiyuan"]
[Result "1-0"]
[WhiteElo "2617"]
[BlackElo "2510"]
[PlyCount "57"]
[EventDate "2017.06.06"]
[EventType "team-swiss"]
[EventRounds "9"]
[EventCountry "CHN"]
[SourceTitle "CBM 178 Extra"]
[Source "ChessBase"]
[SourceDate "2017.06.22"]
[SourceVersion "1"]
[SourceVersionDate "2017.06.22"]
[SourceQuality "1"]
[WhiteTeam "Shandong"]
[BlackTeam "Jiangsu"]
[WhiteTeamCountry "CHN"]
[BlackTeamCountry "CHN"]

1. d4 d5 2. c4 c6 3. cxd5 cxd5 4. Nc3 Nf6 5. Nf3 Nc6 6. Bf4 Bf5 7. e3 e6 8. Qb3 Bb4 9. Ne5 Qe7 10. Bb5 Rc8 11. Nxc6 bxc6 12. Ba6 Rd8 13. 0-0 Nh5 14. Be5 f6 15. Bc7 Qxc7 16. Qxb4 g5 17. Rac1 Kf7 18. Qc5 Qb6 19. Be2 Ng7 20. Na4 Qxc5 21. Rxc5 e5 22. dxe5 fxe5 23. Rxc6 Rc8 24. Ra6 d4 25. Rxa7+ Kg6 26. Ra6+ Kf7 27. Nb6 Rc2 28. Bc4+ Be6 29. b3 1-0